00706nam a22002057a 4500008004100000040001800041041000800059100003200067245008400099260005500183300001800238500010000256650002300356650001500379650002600394650001600420650001500436650001700451700003200468130821s1964 xx gr ita  aCo-BoUCMbspa00aita aPareto, Vilfredod1848-192300aTrasformazioni della democraziacVilfredo Pareto, prefazione di Mario Missiroli a[Lugar desconocido]b[Editorial desconocida]c1964 a157 páginas aIncluye bibliografía e índice. -- Este libro se encuentra en el depósito de la biblioteca04aCultura política04aDemocracia04aEconomía política04aRepública04aSocialismo04aSociología aMissiroli, Mario., Prefacio